Προβλήματα και εφαρμογές λογισμού & διοίκησης κόστους : ερωτήσεις, προβλήματα, εφαρμογές με τις απαντήσεις και τις λύσεις τους
Αποθηκεύτηκε σε:
| Κύριος συγγραφέας: | |
|---|---|
| Άλλοι συγγραφείς: | |
| Μορφή: | Βιβλίο |
| Γλώσσα: | Greek |
| Δημοσίευση: |
Πειραιάς :
Business Plus AE,
c2006.
|
| Θέματα: | |
| Ετικέτες: |
Προσθήκη ετικέτας
Δεν υπάρχουν, Καταχωρήστε ετικέτα πρώτοι!
|
MARC
| LEADER | 00000cam a2200000 i 4500 | ||
|---|---|---|---|
| 001 | 1/150 | ||
| 008 | 090618s2006 gr | ||| |||| ||gre|| | ||
| 020 | |a 9789608898325 | ||
| 035 | |l 10105135 | ||
| 040 | |a GR-MyUa |b gre |e AACR2 | ||
| 041 | 0 | |a gre | |
| 082 | 7 | |a 657.42 |2 (22) | |
| 100 | 1 | |a Καζαντζής, Χρήστος Ι. | |
| 245 | 1 | 0 | |a Προβλήματα και εφαρμογές λογισμού & διοίκησης κόστους : |b ερωτήσεις, προβλήματα, εφαρμογές με τις απαντήσεις και τις λύσεις τους / |c Χρήστου Κ. Καζαντζη, Ιωάννη Ν. Σώρρου. |
| 260 | |a Πειραιάς : |b Business Plus AE, |c c2006. | ||
| 300 | |a 638 σ. : |b διαγ., πίν. ; |c 24 εκ. | ||
| 504 | |a Βιβλιογραφία: σ. 637-638. | ||
| 650 | 0 | |a Cost accounting. | |
| 700 | 1 | |a Σώρρος, Ιωάννης. | |
| 852 | |a INST |b CHIOS |e 20090618 |h 657.42 ΚΑΖ |p 005200030148 |q 005200030148 |t BK |y 0 | ||
| 852 | |a INST |b CHIOS |e 20090618 |h 657.42 ΚΑΖ |p 005200030149 |q 005200030149 |t BK |y 0 | ||
| 852 | |a INST |b CHIOS |e 20100916 |h 657.42 ΚΑΖ |p 005200031799 |q 005200031799 |t BK |y 0 | ||
| 852 | |a INST |b CHIOS |e 20100614 |h 657.42 ΚΑΖ |p 005200032685 |q 005200032685 |t BK |y 0 | ||
| 901 | |a BIBL2-2009-2 | ||
| 901 | |a BIBL2-2010-2 | ||
| 970 | |a ΣΑΛΑΜΟΥΡΑ |b ΜΑΡΙΑ |z 2009/06/18 | ||